1299 1389 1479 1491 1379 1640 1586 1347 1928 1049 1526 1850 1097 1480 1016 1038 1594 1887 1928 1078 1449 1779 1847 1778 1514 1093 1480 1156 1766 1063 1544 1098 1529 1210 1363 1763 1008 1848 1667 1628 1454 1220 1664 1512 1012 1211 1677 1696 1296 1663 1195 1472 1968 1057 1946 1815 1407 1333 1412 1499 1419 1983 1020 1303 1583 1977 1393 1982 1768 1996 1725 1113 1846 1201 1290 1682 1411 1807 1341 1749 1076 1703 1173 1831 1724 1656 1636 1580 1214 1739 1483 1214 1084 1326 1131 1350 1801 1678 1738 BCNSPRNW ULIB Ver.6.0+V

เปลี่ยนเป็นภาษาไทย

Change to English
 แสดงรายละเอียดบรรณานุกรม
  กลับหน้าหลัก

Brief Record : Get Marc (ISO 2709) : E-mail record : QR code < ปิดหน้าต่าง
LEADER : 00000nam 2200000uu 4500
001    13399110945
003     ULIB
008    110614s2549||||th 000 0 tha d
020    9749993713
050  4 BF713^bพ263ท 2549
100 0  พรรณทิพย์ ศิริวรรณบุศย์
245 10 ทฤษฎีจิตวิทยาพัฒนาการ /^cพรรณทิพย์ ศิริวรรณบุศย์
250    พิมพ์ครั้งที่ 3 (ฉบับปรับปรุง)
260    กรุงเทพฯ :^bสำนักพิมพ์แห่งจุฬาลงกรณ์มหาวิทยาลัย,^c2549
300    197 หน้า :^bภาพประกอบ ;^c26 ซม.
650  7 จิตวิทยาพัฒนาการ
650  7 พฤติกรรมมนุษย์
945    ^p150^l0^i023104
945    ^p150^l0^i023103
945    ^p150^l0^i023102
945    ^p150^l0^i017980
945    ^p150^l0^i017124
945    ^p150^l0^i017026
945    ^p150^l0^i017981
945    ^p150^l0^i031688
945    ^p150^l0^i031689
995    ทศพร
999 ^a ใช้งานได้ทุกระบบ
รายการนี้ยังไม่มีแท็ก
คุณยังไม่ได้ล็อกอิน คุณสามารถมีกิจกรรมร่วมกับเว็บไซต์ได้ แต่ต้องล็อกอินก่อน ::
  ล็อกอิน

รายการสื่อสารสนเทศ

ลำดับที่ ประเภท เลขเรียก/บาร์โค้ด สถานที่ สถานะ
- ไม่พบข้อมูล -

รายการใกล้เคียง
    ผู้แต่ง [พรรณทิพย์ ศิริวรรณบุศย์]

    หัวเรื่อง [จิตวิทยาพัฒนาการ]
    หัวเรื่อง [พฤติกรรมมนุษย์]

BibComment


ยังไม่เคยถูกคอมเมนท์

คอมเมนท์ทรัพยากรรายการนี้
  คอมเมนท์: ทฤษฎีจิตวิทยาพัฒน..


 Copyright 2026. Bcnsprnw @Library